| 000 | 00616nam a2200205Ia 4500 | ||
|---|---|---|---|
| 005 | 20230502123228.0 | ||
| 008 | 140110s9999 xx 000 0 und d | ||
| 020 |
_a9788120329522 _cRs.350.00 |
||
| 040 | _aLoreto College | ||
| 041 | _aEnglish | ||
| 082 |
_a658 _bMIN |
||
| 100 | _aMiner,John B. | ||
| 245 |
_aOrganizational behavior 2 _bEssential theories of process and structure _cJohn B.Miner |
||
| 260 |
_aNew Delhi _bPrentice-Hall of India _c2007 |
||
| 300 | _axvii,444p | ||
| 504 | _aIncludes bibliographical references and index | ||
| 650 | _aOrganizational behaviour | ||
| 850 | _aLCLIB | ||
| 942 | _cBK | ||
| 999 |
_c37576 _d88055 |
||